[Event "5th European Small Nations"]
[Site "Andorra la Vella"]
[Date "2017.11.13"]
[Round "3.7"]
[White "Ribbegren, Karl Johan"]
[Black "Frick, Renato"]
[Result "1-0"]
[BlackElo "1997"]
[WhiteElo "2252"]
[LiveChessVersion "1.4.8"]

1. d4 {[%clk 1:30:55]} Nf6 {[%clk 1:30:52]} 2. Nf3 {[%clk 1:31:09]} e6
{[%clk 1:30:58]} 3. Bg5 {[%clk 1:30:32]} Be7 {[%clk 1:30:45]} 4. Nbd2
{[%clk 1:30:05]} c5 {[%clk 1:26:58]} 5. e3 {[%clk 1:28:13]} d5 {[%clk 1:26:44]}
6. c3 {[%clk 1:27:44]} Nc6 {[%clk 1:26:50]} 7. Bd3 {[%clk 1:26:51]} cxd4
{[%clk 1:27:00]} 8. exd4 {[%clk 1:26:41]} O-O {[%clk 1:27:09]} 9. O-O
{[%clk 1:26:41]} h6 {[%clk 1:24:02]} 10. Bh4 {[%clk 1:25:56]} Re8
{[%clk 1:21:09]} 11. Re1 {[%clk 1:24:39]} Nd7 {[%clk 1:09:56]} 12. Bxe7
{[%clk 1:23:31]} Qxe7 {[%clk 1:09:24]} 13. Ne5 {[%clk 1:16:05]} Ncxe5
{[%clk 0:58:31]} 14. dxe5 {[%clk 1:16:19]} f5 {[%clk 0:58:47]} 15. exf6
{[%clk 1:15:40]} Qxf6 {[%clk 0:56:00]} 16. Qh5 {[%clk 1:10:41]} Rf8
{[%clk 0:55:56]} 17. Nf3 {[%clk 1:10:20]} Nc5 {[%clk 0:55:17]} 18. Bc2
{[%clk 1:09:45]} Bd7 {[%clk 0:55:20]} 19. Rad1 {[%clk 1:01:53]} Bc6
{[%clk 0:51:32]} 20. Qe5 {[%clk 1:01:24]} Rae8 {[%clk 0:48:11]} 21. Qxf6
{[%clk 0:48:04]} Rxf6 {[%clk 0:45:09]} 22. Ne5 {[%clk 0:47:07]} Nd7
{[%clk 0:42:29]} 23. f3 {[%clk 0:43:59]} Nxe5 {[%clk 0:39:30]} 24. Rxe5
{[%clk 0:44:23]} b5 {[%clk 0:39:12]} 25. Rd4 {[%clk 0:41:14]} Rb8
{[%clk 0:35:28]} 26. Kf2 {[%clk 0:40:23]} a5 {[%clk 0:35:18]} 27. a3
{[%clk 0:40:26]} Bd7 {[%clk 0:33:21]} 28. Ke3 {[%clk 0:39:43]} Rff8
{[%clk 0:31:12]} 29. g4 {[%clk 0:38:40]} b4 {[%clk 0:28:19]} 30. axb4
{[%clk 0:38:11]} axb4 {[%clk 0:28:36]} 31. c4 {[%clk 0:36:50]} Rfc8
{[%clk 0:28:20]} 32. Bb3 {[%clk 0:36:07]} dxc4 {[%clk 0:27:56]} 33. Bxc4
{[%clk 0:36:09]} Rb6 {[%clk 0:22:24]} 34. Bb3 {[%clk 0:35:02]} Rc7
{[%clk 0:20:18]} 35. Rxd7 {[%clk 0:33:28]} Rxd7 {[%clk 0:20:09]} 36. Bxe6+
{[%clk 0:33:19]} Rxe6 {[%clk 0:20:59]} 37. Rxe6 {[%clk 0:33:44]} Rb7
{[%clk 0:17:14]} 38. Re4 {[%clk 0:33:26]} Kf7 {[%clk 0:17:27]} 39. h4
{[%clk 0:31:23]} Kf6 {[%clk 0:12:02]} 40. Rf4+ {[%clk 0:59:28]} Ke6
{[%clk 0:38:47]} 41. Kd4 {[%clk 0:57:10]} Rc7 {[%clk 0:37:11]} 42. Kd3
{[%clk 0:55:11]} Rb7 {[%clk 0:36:23]} 43. Kc4 {[%clk 0:51:11]} g5
{[%clk 0:19:41]} 44. hxg5 {[%clk 0:51:05]} hxg5 {[%clk 0:19:40]} 45. Rf5
{[%clk 0:51:10]} Rc7+ {[%clk 0:15:31]} 46. Kxb4 {[%clk 0:50:58]} Rb7+
{[%clk 0:15:48]} 47. Kc3 {[%clk 0:48:03]} Rc7+ {[%clk 0:15:11]} 48. Kd2
{[%clk 0:47:49]} Rd7+ {[%clk 0:14:29]} 49. Kc2 {[%clk 0:47:56]} Rc7+
{[%clk 0:14:46]} 50. Kb1 {[%clk 0:48:17]} Rg7 {[%clk 0:15:06]} 51. b4
{[%clk 0:48:01]} Kd6 {[%clk 0:15:14]} 52. Kb2 {[%clk 0:47:33]} Kc6
{[%clk 0:15:30]} 53. Kb3 {[%clk 0:47:40]} Re7 {[%clk 0:15:45]} 54. Kc4
{[%clk 0:47:41]} Rg7 {[%clk 0:16:07]} 55. Rf6+ {[%clk 0:46:51]} Kb7
{[%clk 0:16:09]} 56. Kb5 {[%clk 0:45:36]} Re7 {[%clk 0:15:35]} 57. Rf5
{[%clk 0:45:33]} Rg7 {[%clk 0:15:59]} 58. Kc5 {[%clk 0:45:17]} Kc7
{[%clk 0:08:53]} 59. b5 {[%clk 0:44:42]} Kb7 {[%clk 0:09:18]} 60. Rf6
{[%clk 0:44:07]} Rc7+ {[%clk 0:09:04]} 61. Kd5 {[%clk 0:43:08]} Rc1
{[%clk 0:04:49]} 62. Rf5 {[%clk 0:42:38]} Kb6 {[%clk 0:04:54]} 63. Ke4 1-0

[Event "5th European Small Nations"]
[Site "Andorra la Vella"]
[Date "2017.11.13"]
[Round "3.8"]
[White "Iclicki, Willy"]
[Black "Berezovska, Svetlana"]
[Result "1/2-1/2"]
[BlackElo "1814"]
[WhiteElo "1968"]
[LiveChessVersion "1.4.8"]

1. d4 {[%clk 1:30:45]} Nf6 {[%clk 1:30:55]} 2. c4 {[%clk 1:30:53]} e6
{[%clk 1:31:21]} 3. Nf3 {[%clk 1:29:43]} Bb4+ {[%clk 1:31:16]} 4. Nbd2
{[%clk 1:27:41]} c5 {[%clk 1:29:58]} 5. e3 {[%clk 1:26:12]} b6 {[%clk 1:28:44]}
6. a3 {[%clk 1:23:56]} Bxd2+ {[%clk 1:28:57]} 7. Bxd2 {[%clk 1:23:25]} Bb7
{[%clk 1:19:47]} 8. Bd3 {[%clk 1:18:28]} O-O {[%clk 1:12:20]} 9. O-O
{[%clk 1:13:29]} Ne4 {[%clk 1:06:37]} 10. Qc2 {[%clk 1:03:08]} f5
{[%clk 1:01:57]} 11. Ne1 {[%clk 0:48:39]} Nxd2 {[%clk 0:56:45]} 12. Qxd2
{[%clk 0:48:36]} cxd4 {[%clk 0:48:11]} 13. exd4 {[%clk 0:47:52]} Qf6
{[%clk 0:46:57]} 14. Be2 {[%clk 0:41:19]} d6 {[%clk 0:40:51]} 15. Bf3
{[%clk 0:39:01]} Bxf3 {[%clk 0:34:33]} 16. Nxf3 {[%clk 0:38:19]} Nd7
{[%clk 0:34:50]} 17. Rfe1 {[%clk 0:37:29]} Rfe8 {[%clk 0:33:08]} 18. Re2
{[%clk 0:35:32]} Rac8 {[%clk 0:31:18]} 19. b3 {[%clk 0:33:50]} Nc5
{[%clk 0:26:11]} 20. Qb2 {[%clk 0:22:29]} Ne4 {[%clk 0:26:17]} 21. h3
{[%clk 0:21:05]} Rc7 {[%clk 0:22:37]} 22. Nd2 {[%clk 0:18:17]} Nxd2
{[%clk 0:21:38]} 23. Rxd2 {[%clk 0:18:09]} d5 {[%clk 0:13:09]} 24. Rc2
{[%clk 0:13:13]} dxc4 {[%clk 0:12:03]} 25. bxc4 {[%clk 0:08:14]} Rec8
{[%clk 0:10:13]} 26. Rac1 {[%clk 0:07:57]} f4 {[%clk 0:08:35]} 27. f3
{[%clk 0:06:30]} Qf5 {[%clk 0:07:15]} 28. Qb3 {[%clk 0:05:55]} Qf6
{[%clk 0:05:27]} 29. Qb2 {[%clk 0:04:14]} Qf5 {[%clk 0:05:10]} 30. Qb3
{[%clk 0:04:32]} Qf6 {[%clk 0:05:22]} 31. Qb2 {[%clk 0:04:29]} Qf5 1/2-1/2

[Event "5th European Small Nations"]
[Site "Andorra la Vella"]
[Date "2017.11.13"]
[Round "3.1"]
[White "Ziska, Helgi Dam"]
[Black "Kirby, Peter J."]
[Result "1-0"]
[BlackElo "1987"]
[WhiteElo "2543"]
[LiveChessVersion "1.4.8"]

1. e4 {[%clk 1:30:55]} c5 {[%clk 1:30:57]} 2. Nf3 {[%clk 1:31:11]} e6
{[%clk 1:31:20]} 3. d4 {[%clk 1:31:32]} cxd4 {[%clk 1:31:43]} 4. Nxd4
{[%clk 1:31:54]} Nc6 {[%clk 1:31:13]} 5. Nc3 {[%clk 1:31:56]} Qc7
{[%clk 1:30:51]} 6. f4 {[%clk 1:30:34]} a6 {[%clk 1:24:56]} 7. Nxc6
{[%clk 1:30:35]} Qxc6 {[%clk 1:24:50]} 8. Bd3 {[%clk 1:30:54]} Nf6
{[%clk 1:22:47]} 9. Qe2 {[%clk 1:30:05]} Be7 {[%clk 1:13:55]} 10. e5
{[%clk 1:16:16]} Nd5 {[%clk 1:13:08]} 11. Nxd5 {[%clk 1:16:06]} Qxd5
{[%clk 1:10:23]} 12. O-O {[%clk 1:11:50]} g6 {[%clk 1:07:00]} 13. Kh1
{[%clk 1:10:20]} Qc5 {[%clk 1:04:16]} 14. Be4 {[%clk 1:00:18]} O-O
{[%clk 1:01:31]} 15. Be3 {[%clk 0:51:58]} Qc7 {[%clk 1:01:33]} 16. Rad1
{[%clk 0:48:37]} f5 {[%clk 0:58:00]} 17. exf6 {[%clk 0:48:36]} Bxf6
{[%clk 0:58:14]} 18. c4 {[%clk 0:48:28]} d6 {[%clk 0:52:21]} 19. b3
{[%clk 0:45:53]} Bd7 {[%clk 0:52:01]} 20. Qd2 {[%clk 0:37:23]} Be7
{[%clk 0:50:06]} 21. Rfe1 {[%clk 0:36:21]} Rac8 {[%clk 0:43:22]} 22. c5
{[%clk 0:30:58]} Bh4 {[%clk 0:41:09]} 23. cxd6 {[%clk 0:19:19]} Bxe1
{[%clk 0:40:16]} 24. Qxe1 {[%clk 0:19:45]} Qb8 {[%clk 0:37:00]} 25. f5
{[%clk 0:16:20]} exf5 {[%clk 0:35:32]} 26. Bd5+ {[%clk 0:16:37]} Rf7
{[%clk 0:35:44]} 27. Bxf7+ {[%clk 0:10:30]} Kxf7 {[%clk 0:36:12]} 28. Ba7
{[%clk 0:10:37]} Qxa7 {[%clk 0:35:09]} 29. Qe7+ {[%clk 0:10:58]} Kg8
{[%clk 0:35:30]} 30. Qxd7 {[%clk 0:11:25]} Qb8 {[%clk 0:34:56]} 31. Qe6+
{[%clk 0:11:35]} Kg7 {[%clk 0:33:19]} 32. Qe5+ {[%clk 0:11:11]} Kh6
{[%clk 0:31:02]} 33. d7 {[%clk 0:10:59]} 1-0

[Event "5th European Small Nations"]
[Site "Andorra la Vella"]
[Date "2017.11.13"]
[Round "3.2"]
[White "Rowe, Peter"]
[Black "Nielsen, Rogvi Egilstoft"]
[Result "0-1"]
[BlackElo "2340"]
[WhiteElo "1945"]
[LiveChessVersion "1.4.8"]

1. d4 {[%clk 1:30:53]} Nf6 {[%clk 1:30:40]} 2. Bf4 {[%clk 1:30:53]} e6
{[%clk 1:29:34]} 3. e3 {[%clk 1:30:41]} c5 {[%clk 1:29:30]} 4. c3
{[%clk 1:29:43]} b6 {[%clk 1:29:01]} 5. Nf3 {[%clk 1:26:29]} Be7 {[%clk 1:28:43]}
6. Be2 {[%clk 1:24:04]} Nh5 {[%clk 1:19:07]} 7. Bxb8 {[%clk 1:10:46]} Rxb8
{[%clk 1:19:26]} 8. O-O {[%clk 1:08:51]} O-O {[%clk 1:14:20]} 9. Ne5
{[%clk 1:06:01]} Nf6 {[%clk 1:14:42]} 10. a4 {[%clk 0:56:01]} Qc7
{[%clk 1:12:59]} 11. Na3 {[%clk 0:52:29]} a6 {[%clk 1:13:06]} 12. f4
{[%clk 0:44:53]} d6 {[%clk 1:12:16]} 13. Nf3 {[%clk 0:43:04]} Nd5
{[%clk 1:06:54]} 14. Qd2 {[%clk 0:41:21]} f5 {[%clk 1:06:33]} 15. Rfc1
{[%clk 0:34:29]} Bb7 {[%clk 1:04:22]} 16. Bd3 {[%clk 0:30:11]} h6
{[%clk 1:03:54]} 17. Qe2 {[%clk 0:22:38]} Ra8 {[%clk 1:01:38]} 18. b4
{[%clk 0:17:31]} cxb4 {[%clk 0:56:59]} 19. cxb4 {[%clk 0:17:41]} Qd8
{[%clk 0:56:46]} 20. b5 {[%clk 0:15:59]} a5 {[%clk 0:57:07]} 21. Bc4
{[%clk 0:11:31]} Nc7 {[%clk 0:50:44]} 22. Nc2 {[%clk 0:09:40]} Qd7
{[%clk 0:49:25]} 23. Nce1 {[%clk 0:09:30]} Kh8 {[%clk 0:43:17]} 24. g3
{[%clk 0:07:27]} Rac8 {[%clk 0:41:08]} 25. Kf2 {[%clk 0:06:05]} Ba8
{[%clk 0:39:46]} 26. Ng2 {[%clk 0:04:56]} Kh7 {[%clk 0:35:15]} 27. Bd3
{[%clk 0:04:10]} Nd5 {[%clk 0:34:36]} 28. g4 {[%clk 0:02:27]} g6 {[%clk 0:33:34]}
29. g5 {[%clk 0:02:03]} hxg5 {[%clk 0:27:06]} 30. fxg5 {[%clk 0:01:38]} Nc3
{[%clk 0:27:13]} 31. Qf1 {[%clk 0:00:52]} Ne4+ {[%clk 0:26:04]} 32. Kg1
{[%clk 0:00:45]} Nxg5 {[%clk 0:26:17]} 33. Nxg5+ {[%clk 0:00:44]} Bxg5
{[%clk 0:26:41]} 34. Nf4 {[%clk 0:00:41]} e5 {[%clk 0:22:57]} 35. Ng2
{[%clk 0:00:34]} exd4 {[%clk 0:21:29]} 36. exd4 {[%clk 0:00:44]} Bxc1
{[%clk 0:20:23]} 0-1

[Event "5th European Small Nations"]
[Site "Andorra la Vella"]
[Date "2017.11.13"]
[Round "3.3"]
[White "Rodgaard, John"]
[Black "Brookfield, Toby"]
[Result "1-0"]
[BlackElo "1864"]
[WhiteElo "2332"]
[LiveChessVersion "1.4.8"]

1. d4 {[%clk 1:30:52]} f5 {[%clk 1:30:06]} 2. Nf3 {[%clk 1:30:52]} Nf6
{[%clk 1:30:02]} 3. g3 {[%clk 1:30:37]} e6 {[%clk 1:30:11]} 4. Bg2
{[%clk 1:30:29]} Be7 {[%clk 1:30:24]} 5. O-O {[%clk 1:30:44]} O-O
{[%clk 1:30:42]} 6. c4 {[%clk 1:30:56]} d6 {[%clk 1:30:51]} 7. Nc3
{[%clk 1:20:02]} Qe8 {[%clk 1:30:42]} 8. b3 {[%clk 1:18:45]} Ne4 {[%clk 1:28:56]}
9. Bb2 {[%clk 1:17:44]} Bf6 {[%clk 1:22:55]} 10. Qd3 {[%clk 1:12:03]} Nxc3
{[%clk 1:22:52]} 11. Bxc3 {[%clk 1:11:56]} Nc6 {[%clk 1:21:38]} 12. e4
{[%clk 0:59:45]} e5 {[%clk 1:14:59]} 13. dxe5 {[%clk 0:56:49]} dxe5
{[%clk 1:13:10]} 14. Rfe1 {[%clk 0:49:27]} fxe4 15. Qxe4 {[%clk 0:48:33]} Qf7
{[%clk 1:01:26]} 16. Re2 {[%clk 0:39:37]} Bd7 {[%clk 0:53:44]} 17. Nxe5
{[%clk 0:25:24]} Nxe5 {[%clk 0:53:32]} 18. Bxe5 {[%clk 0:25:31]} Bc6
{[%clk 0:53:29]} 19. Qf5 {[%clk 0:15:03]} Bxg2 {[%clk 0:42:58]} 20. Kxg2
{[%clk 0:15:09]} Rae8 {[%clk 0:40:00]} 21. Rae1 {[%clk 0:14:19]} Rxe5
{[%clk 0:37:18]} 22. Rxe5 {[%clk 0:14:31]} Bxe5 {[%clk 0:37:38]} 23. Qxf7+
{[%clk 0:14:44]} Kxf7 {[%clk 0:38:00]} 24. Rxe5 {[%clk 0:15:05]} Kf6
{[%clk 0:38:03]} 25. Rd5 {[%clk 0:14:23]} Rf7 {[%clk 0:37:47]} 26. f4
{[%clk 0:14:28]} Re7 {[%clk 0:36:55]} 27. Kf3 {[%clk 0:14:06]} c6
{[%clk 0:37:00]} 28. Rd6+ {[%clk 0:13:43]} Kf7 {[%clk 0:35:59]} 29. g4
{[%clk 0:12:43]} Ke8 {[%clk 0:28:46]} 30. Rd2 {[%clk 0:12:26]} Kf7
{[%clk 0:26:09]} 31. h4 {[%clk 0:10:10]} h6 {[%clk 0:21:57]} 32. h5
{[%clk 0:09:10]} c5 {[%clk 0:19:06]} 33. Rd6 {[%clk 0:08:24]} b6 {[%clk 0:18:13]}
34. g5 {[%clk 0:05:26]} hxg5 {[%clk 0:11:52]} 35. fxg5 {[%clk 0:05:53]} Re1
{[%clk 0:11:20]} 36. Rd7+ {[%clk 0:05:54]} Kf8 {[%clk 0:11:05]} 37. Rxa7
{[%clk 0:05:49]} 1-0

[Event "5th European Small Nations"]
[Site "Andorra la Vella"]
[Date "2017.11.13"]
[Round "3.4"]
[White "Hale, Andrew"]
[Black "Eydsteinsson, Silas"]
[Result "1/2-1/2"]
[BlackElo "2059"]
[WhiteElo "1871"]
[LiveChessVersion "1.4.8"]

1. e4 {[%clk 1:30:54]} c6 {[%clk 1:30:47]} 2. d4 {[%clk 1:31:10]} d5
{[%clk 1:31:12]} 3. exd5 {[%clk 1:31:32]} cxd5 {[%clk 1:31:34]} 4. c4
{[%clk 1:31:39]} Nf6 {[%clk 1:31:57]} 5. Nc3 {[%clk 1:31:53]} g6 {[%clk 1:32:21]}
6. Nf3 {[%clk 1:30:26]} Bg7 {[%clk 1:32:43]} 7. cxd5 {[%clk 1:27:55]} O-O
{[%clk 1:31:10]} 8. Bc4 {[%clk 1:27:02]} Nbd7 {[%clk 1:31:23]} 9. O-O
{[%clk 1:25:07]} Nb6 {[%clk 1:31:01]} 10. Qb3 {[%clk 1:23:39]} Bg4
{[%clk 1:27:52]} 11. Ne5 {[%clk 1:21:44]} Rc8 {[%clk 1:22:39]} 12. Bd3
{[%clk 1:07:34]} Bd7 {[%clk 1:01:27]} 13. Bg5 {[%clk 1:01:38]} h6
{[%clk 0:52:27]} 14. Bxf6 {[%clk 0:45:24]} exf6 {[%clk 0:50:48]} 15. Nxd7
{[%clk 0:39:57]} Qxd7 {[%clk 0:50:27]} 16. d6 {[%clk 0:39:20]} f5
{[%clk 0:49:32]} 17. Nb5 {[%clk 0:38:24]} a6 {[%clk 0:48:30]} 18. Na7
{[%clk 0:37:58]} Qxd6 {[%clk 0:45:07]} 19. Nxc8 {[%clk 0:37:23]} Rxc8
{[%clk 0:44:20]} 20. d5 {[%clk 0:34:34]} Be5 {[%clk 0:40:41]} 21. h3
{[%clk 0:33:59]} Qf6 {[%clk 0:39:18]} 22. Rad1 {[%clk 0:30:37]} Bxb2
{[%clk 0:36:10]} 23. d6 {[%clk 0:28:27]} Bd4 {[%clk 0:33:35]} 24. d7
{[%clk 0:23:53]} Rd8 {[%clk 0:31:41]} 25. Rd2 {[%clk 0:17:53]} Rxd7
{[%clk 0:27:25]} 26. Rfd1 {[%clk 0:16:07]} Bc3 {[%clk 0:14:35]} 27. Rc2
{[%clk 0:15:24]} Bd4 {[%clk 0:14:36]} 28. Rcd2 {[%clk 0:15:15]} Bc3
{[%clk 0:14:30]} 29. Rc2 {[%clk 0:15:11]} Bd4 {[%clk 0:10:04]} 30. Rcd2
{[%clk 0:15:07]} Bc3 {[%clk 0:03:56]} 1/2-1/2

[Event "5th European Small Nations"]
[Site "Andorra la Vella"]
[Date "2017.11.13"]
[Round "3.5"]
[White "Antoniou, Antonis"]
[Black "Rossini, Paul"]
[Result "1-0"]
[BlackElo "1683"]
[WhiteElo "2164"]
[LiveChessVersion "1.4.8"]

1. e4 {[%clk 1:30:58]} e5 {[%clk 1:30:52]} 2. Nf3 {[%clk 1:31:16]} Nc6
{[%clk 1:31:15]} 3. Bb5 {[%clk 1:31:37]} d6 {[%clk 1:31:13]} 4. d4
{[%clk 1:31:44]} a6 {[%clk 1:30:17]} 5. Bxc6+ {[%clk 1:30:33]} bxc6
{[%clk 1:30:36]} 6. dxe5 {[%clk 1:30:58]} Bg4 {[%clk 1:29:47]} 7. exd6
{[%clk 1:29:47]} Bxf3 {[%clk 1:28:43]} 8. Qxf3 {[%clk 1:29:57]} cxd6
{[%clk 1:28:48]} 9. O-O {[%clk 1:30:04]} Nf6 {[%clk 1:28:10]} 10. e5
{[%clk 1:29:14]} Nd5 {[%clk 1:25:57]} 11. c4 {[%clk 1:29:37]} Ne7
{[%clk 1:26:18]} 12. exd6 {[%clk 1:28:46]} Qxd6 {[%clk 1:26:20]} 13. Bf4
{[%clk 1:27:53]} Qd7 {[%clk 1:25:31]} 14. Nc3 {[%clk 1:27:56]} Nf5
{[%clk 1:24:29]} 15. Rad1 {[%clk 1:28:06]} Nd4 {[%clk 1:24:34]} 16. Rxd4
{[%clk 1:28:26]} Qb7 {[%clk 1:21:58]} 17. Re1+ {[%clk 1:28:46]} Be7
{[%clk 1:22:26]} 18. Rde4 {[%clk 1:24:41]} O-O {[%clk 1:22:07]} 19. Rxe7
{[%clk 1:25:07]} Qxb2 {[%clk 1:22:17]} 20. Qg3 {[%clk 1:25:18]} 1-0

[Event "5th European Small Nations"]
[Site "Andorra la Vella"]
[Date "2017.11.13"]
[Round "3.6"]
[White "Righi, Ezio"]
[Black "Constantinou, Pavlos"]
[Result "1-0"]
[BlackElo "2057"]
[WhiteElo "2039"]
[LiveChessVersion "1.4.8"]

1. e4 {[%clk 1:30:56]} c5 {[%clk 1:30:56]} 2. Nf3 {[%clk 1:31:10]} Nc6
{[%clk 1:31:22]} 3. d4 {[%clk 1:31:26]} cxd4 {[%clk 1:31:49]} 4. Nxd4
{[%clk 1:31:46]} g6 {[%clk 1:32:08]} 5. Nc3 {[%clk 1:31:52]} Bg7 {[%clk 1:32:29]}
6. Be3 {[%clk 1:32:06]} Nf6 {[%clk 1:32:40]} 7. Bc4 {[%clk 1:31:49]} O-O
{[%clk 1:33:01]} 8. Bb3 {[%clk 1:32:05]} Qa5 {[%clk 1:28:56]} 9. O-O
{[%clk 1:31:45]} d6 {[%clk 1:29:10]} 10. h3 {[%clk 1:30:37]} Bd7 {[%clk 1:29:11]}
11. f4 {[%clk 1:24:49]} Nxd4 {[%clk 1:29:26]} 12. Bxd4 {[%clk 1:24:21]} Bc6
{[%clk 1:29:52]} 13. Qd3 {[%clk 1:12:30]} Nd7 {[%clk 1:30:00]} 14. Bxg7
{[%clk 1:12:23]} Kxg7 {[%clk 1:30:25]} 15. Qd4+ {[%clk 1:07:44]} Kg8
{[%clk 1:30:18]} 16. Nd5 {[%clk 1:06:07]} Bxd5 {[%clk 1:30:19]} 17. Bxd5
{[%clk 1:05:18]} Rac8 {[%clk 1:06:19]} 18. c3 {[%clk 0:57:49]} Qc5
{[%clk 1:03:43]} 19. Rad1 {[%clk 0:50:49]} Rc7 {[%clk 0:59:51]} 20. Kh2
{[%clk 0:47:32]} Qxd4 {[%clk 0:59:46]} 21. Rxd4 {[%clk 0:47:32]} b5
{[%clk 0:57:12]} 22. Bb3 {[%clk 0:45:38]} a5 {[%clk 0:56:38]} 23. Rfd1
{[%clk 0:44:39]} Nc5 {[%clk 0:54:43]} 24. e5 {[%clk 0:44:41]} dxe5
{[%clk 0:54:10]} 25. fxe5 {[%clk 0:44:55]} Nxb3 {[%clk 0:50:11]} 26. axb3
{[%clk 0:45:18]} e6 {[%clk 0:49:38]} 27. Kg3 {[%clk 0:43:28]} Rc5
{[%clk 0:43:09]} 28. Re1 {[%clk 0:41:47]} b4 {[%clk 0:30:10]} 29. c4
{[%clk 0:33:05]} f6 {[%clk 0:24:13]} 30. exf6 {[%clk 0:32:09]} Rxf6
{[%clk 0:24:41]} 31. Re2 {[%clk 0:30:25]} Rg5+ {[%clk 0:23:04]} 32. Rg4
{[%clk 0:29:12]} Rxg4+ {[%clk 0:21:41]} 33. hxg4 {[%clk 0:27:38]} Rf1
{[%clk 0:05:49]} 34. Rc2 {[%clk 0:23:39]} Rd1 {[%clk 0:03:06]} 35. c5
{[%clk 0:23:36]} Kf7 {[%clk 0:02:46]} 36. c6 {[%clk 0:23:55]} Rd8
{[%clk 0:03:12]} 37. c7 {[%clk 0:23:51]} Rc8 {[%clk 0:03:40]} 38. Kf4
{[%clk 0:24:13]} Ke7 {[%clk 0:03:47]} 39. Ke5 {[%clk 0:24:37]} Kd7
{[%clk 0:04:02]} 40. g5 {[%clk 0:54:50]} Rxc7 {[%clk 0:33:40]} 41. Rxc7+
{[%clk 0:55:15]} Kxc7 {[%clk 0:34:08]} 42. Kxe6 {[%clk 0:55:43]} Kc6
{[%clk 0:34:25]} 43. Kf6 {[%clk 0:56:00]} Kd5 {[%clk 0:34:46]} 44. Kg7
{[%clk 0:56:18]} 1-0

[Event "5th European Small Nations"]
[Site "Andorra la Vella"]
[Date "2017.11.13"]
[Round "3.7"]
[White "Michaelides, Konstantinos"]
[Black "Volpinari, Danilo"]
[Result "1/2-1/2"]
[BlackElo "1976"]
[WhiteElo "2041"]
[LiveChessVersion "1.4.8"]

1. e4 {[%clk 1:30:54]} c5 {[%clk 1:30:41]} 2. Nf3 {[%clk 1:31:15]} e6
{[%clk 1:30:49]} 3. d4 {[%clk 1:31:40]} cxd4 {[%clk 1:31:12]} 4. Nxd4
{[%clk 1:32:06]} Nc6 {[%clk 1:30:59]} 5. Nxc6 {[%clk 1:32:32]} bxc6
{[%clk 1:31:08]} 6. Bd3 {[%clk 1:32:58]} Nf6 {[%clk 1:24:33]} 7. O-O
{[%clk 1:33:18]} d5 {[%clk 1:20:04]} 8. Nd2 {[%clk 1:33:42]} Be7 {[%clk 1:17:54]}
9. Qe2 {[%clk 1:33:34]} O-O {[%clk 1:13:32]} 10. c3 {[%clk 1:32:56]} a5
{[%clk 1:12:03]} 11. Re1 {[%clk 1:32:19]} Qb6 {[%clk 1:09:33]} 12. e5
{[%clk 1:25:55]} Nd7 {[%clk 1:05:04]} 13. Nf3 {[%clk 1:19:13]} Ba6
{[%clk 0:59:51]} 14. Bg5 {[%clk 1:16:02]} Bxd3 {[%clk 0:57:32]} 15. Qxd3
{[%clk 1:16:29]} Qd8 {[%clk 0:56:27]} 16. Bxe7 {[%clk 1:14:44]} Qxe7
{[%clk 0:56:55]} 17. b3 {[%clk 1:14:58]} a4 {[%clk 0:44:59]} 18. Qc2
{[%clk 1:10:50]} Rfb8 {[%clk 0:37:18]} 19. b4 {[%clk 1:03:50]} Nb6
{[%clk 0:31:45]} 20. Nd4 {[%clk 0:49:05]} Qc7 {[%clk 0:30:32]} 21. Qe2
{[%clk 0:41:24]} Nc4 {[%clk 0:28:58]} 22. a3 {[%clk 0:37:10]} c5 {[%clk 0:27:57]}
23. Nc2 {[%clk 0:35:19]} Rb7 {[%clk 0:24:06]} 24. f4 {[%clk 0:27:09]} Rc8
{[%clk 0:20:20]} 25. Rec1 {[%clk 0:24:02]} Qb6 {[%clk 0:19:03]} 26. Qf2
{[%clk 0:19:05]} Qc6 {[%clk 0:15:17]} 27. h3 {[%clk 0:14:02]} Rbc7
{[%clk 0:13:59]} 28. Kh2 Qa6 {[%clk 0:13:59]} 1/2-1/2

[Event "5th European Small Nations"]
[Site "Andorra la Vella"]
[Date "2017.11.13"]
[Round "3.8"]
[White "Berardi, Giancarlo"]
[Black "Klerides, Paris"]
[Result "0-1"]
[BlackElo "2189"]
[WhiteElo "1837"]
[LiveChessVersion "1.4.8"]

1. c4 {[%clk 1:30:50]} Nf6 {[%clk 1:30:58]} 2. g3 {[%clk 1:31:06]} g6
{[%clk 1:31:23]} 3. Bg2 {[%clk 1:31:26]} Bg7 {[%clk 1:31:51]} 4. Nf3
{[%clk 1:31:33]} O-O {[%clk 1:32:05]} 5. O-O {[%clk 1:31:54]} d6 {[%clk 1:32:33]}
6. Nc3 {[%clk 1:32:06]} e5 {[%clk 1:32:56]} 7. d3 {[%clk 1:31:59]} h6
{[%clk 1:33:07]} 8. Bd2 {[%clk 1:30:00]} Nc6 {[%clk 1:31:27]} 9. Qc1
{[%clk 1:30:00]} Kh7 {[%clk 1:31:50]} 10. Rb1 {[%clk 1:24:51]} a5
{[%clk 1:32:15]} 11. a3 {[%clk 1:24:35]} Re8 {[%clk 1:30:06]} 12. e4
{[%clk 1:17:24]} Bg4 {[%clk 1:22:43]} 13. Nd5 {[%clk 1:13:53]} Nd7
{[%clk 1:19:04]} 14. h3 {[%clk 1:07:30]} Bxf3 {[%clk 1:18:27]} 15. Bxf3
{[%clk 1:07:40]} Nd4 {[%clk 1:18:34]} 16. Qd1 {[%clk 1:04:18]} Nc5
{[%clk 1:12:52]} 17. Bc3 {[%clk 1:00:35]} Nxf3+ {[%clk 1:10:35]} 18. Qxf3
{[%clk 1:00:33]} c6 {[%clk 1:10:50]} 19. Ne3 {[%clk 0:54:50]} Qd7
{[%clk 1:09:31]} 20. Kh2 {[%clk 0:51:31]} Nxd3 {[%clk 0:55:46]} 21. Rbd1
{[%clk 0:47:37]} Nc5 {[%clk 0:55:10]} 22. Ng4 {[%clk 0:47:44]} Qe7
{[%clk 0:48:49]} 23. Bd2 {[%clk 0:45:41]} h5 {[%clk 0:43:23]} 24. Ne3
{[%clk 0:45:14]} Ne6 {[%clk 0:43:42]} 25. Nf5 {[%clk 0:43:23]} Nd4
{[%clk 0:31:42]} 26. Nxd4 {[%clk 0:39:02]} exd4 {[%clk 0:32:10]} 27. Rfe1
{[%clk 0:38:01]} a4 {[%clk 0:30:03]} 28. h4 {[%clk 0:34:44]} c5 {[%clk 0:29:31]}
29. Re2 {[%clk 0:33:51]} Qe6 {[%clk 0:26:14]} 30. Qd3 {[%clk 0:33:11]} Ra6
{[%clk 0:21:04]} 31. f3 {[%clk 0:27:58]} Rb6 {[%clk 0:21:04]} 32. Rf2
{[%clk 0:17:01]} Rb3 {[%clk 0:18:33]} 33. Qf1 {[%clk 0:14:58]} Rxb2
{[%clk 0:17:24]} 34. f4 {[%clk 0:14:38]} Qxe4 {[%clk 0:16:34]} 35. Re1
{[%clk 0:14:34]} Qc6 {[%clk 0:16:09]} 36. f5 {[%clk 0:13:03]} gxf5
{[%clk 0:09:38]} 37. Rxe8 {[%clk 0:12:44]} Qxe8 {[%clk 0:10:04]} 38. Re2
{[%clk 0:12:59]} Qd7 {[%clk 0:09:17]} 39. Qf3 {[%clk 0:12:49]} Kg6
{[%clk 0:06:43]} 40. Qf4 {[%clk 0:42:42]} Qd8 {[%clk 0:35:19]} 41. Rf2
{[%clk 0:41:41]} Qf6 {[%clk 0:35:36]} 42. Qf3 {[%clk 0:37:41]} Bh6
{[%clk 0:32:19]} 43. Bxh6 {[%clk 0:31:53]} Rxf2+ {[%clk 0:32:40]} 44. Qxf2
{[%clk 0:31:55]} Kxh6 {[%clk 0:33:08]} 45. Qc2 {[%clk 0:31:17]} Qe6
{[%clk 0:30:49]} 46. Qxa4 {[%clk 0:30:44]} d3 {[%clk 0:30:45]} 47. Qa5
{[%clk 0:29:50]} Qe2+ {[%clk 0:30:15]} 48. Kh3 {[%clk 0:30:09]} d2
{[%clk 0:25:03]} 49. Qd8 {[%clk 0:30:27]} Qg4+ {[%clk 0:25:11]} 50. Kg2
{[%clk 0:30:26]} Kg7 {[%clk 0:24:29]} 51. Qxd6 d1=Q {[%clk 0:24:19]} 52. Qe5+
{[%clk 0:30:14]} Kh7 {[%clk 0:24:41]} 53. Qxc5 {[%clk 0:29:10]} Qde2+
{[%clk 0:24:50]} 0-1